Negative Effects of Performance Based Funding of Universities: The Case of Slovakia
Analýza financovania výskumu na univerzitách v Slovenskej republike z verejných zdrojov, orientovaných na výkonnosť.
Salvato in:
| Autore principale: | |
|---|---|
| Altri autori: | |
| Natura: | Capitolo di libro |
| Lingua: | inglese |
| Soggetti: | |
| Tags: |
Nessun Tag, puoi essere il primo ad aggiungerne!!
|
MARC
| LEADER | 00000naa a2200000 4500 | ||
|---|---|---|---|
| 001 | 0240774 | ||
| 005 | 20260216085126.8 | ||
| 041 | 0 | |a eng | |
| 044 | |a SK | ||
| 245 | 1 | 0 | |a Negative Effects of Performance Based Funding of Universities: The Case of Slovakia |c Miroslav Šipikal, Peter Pisár |
| 520 | |a Analýza financovania výskumu na univerzitách v Slovenskej republike z verejných zdrojov, orientovaných na výkonnosť. | ||
| 610 | 2 | 0 | |a univerzity |
| 610 | 2 | 0 | |a veda |
| 610 | 2 | 0 | |a výskum |
| 610 | 2 | 0 | |a financovanie vedy |
| 610 | 2 | 0 | |a financovanie výskumu |
| 610 | 2 | 0 | |a Slovensko |
| 100 | 1 | |a Šipikal, Miroslav, 1976- | |
| 700 | 1 | |a Pisár, Peter | |